[Event "Bijeljina Dvorovi"]
[Site "Bijeljina Dvorovi"]
[Date "2002.02.01"]
[Round "7"]
[White "Orlov, Pavle"]
[Black "Bogdanovski, Vlatko"]
[Result "0-1"]
[WhiteElo "2390"]
[BlackElo "2435"]
[Annotator "Hazai,L"]
[PlyCount "106"]
[EventDate "2002.01.26"]
[EventType "tourn"]
[EventRounds "9"]
[EventCountry "YUG"]
[EventCategory "9"]
[SourceTitle "CBM 088"]
[Source "ChessBase"]
[SourceDate "2002.03.21"]
[SourceVersion "1"]
[SourceVersionDate "2002.03.21"]
[SourceQuality "1"]

1. Nf3 Nf6 2. d4 g6 3. g3 Bg7 4. Bg2 O-O 5. O-O d6 6. d5 {This "Anti-Grunfeld"
plan secures for White some space advantage, but opens the long /^ for the B
and allows a counterplay on the <<.} c6 {This is the logical way attacking
White's [+].} (6... e5 7. dxe6 fxe6 8. c4 {is a better P structure for White.}
Nc6 9. Nc3 Bd7 10. h3 a6 11. Be3 Qe7 12. Qd2 $14 {Benkovic-D.Popovic, Subotica
2001}) (6... c5 7. Nc3 {A43} (7. c4 b5 $5 {may transpose to the Benko Gambit.}
(7... a6 8. a4 e6 9. Nc3 exd5 10. cxd5 {and the Benoni with g3 arises.}))) 7.
c4 (7. dxc6 $143 {simply helps Black to finish his development and gives up
the [+].} Nxc6 $11) 7... cxd5 (7... e5 8. Nc3 (8. dxe6 Bxe6 9. Na3 {The N is
rather badly placed here.} Na6 10. Nd4 Bc8 11. h3 Re8 {This is a very good
version of the g3 Kings'Indian, because White cannot conquer the [+] by e4.}
12. e3 Nc5 $132 {P.Orlov-M.Markovic, Ulcinj 1997})) (7... Bd7 8. Nc3 cxd5 9.
cxd5 Qa5 {/\ Rc8 and Black inserts pressure on the <<.} 10. Nd4 (10. a3 {
/\ b4 after some preparation.} Rc8 11. Be3 Na6 12. b4 (12. Bd4 Nc7 13. e4 Nb5
$1 {Now Black has equalized easily.} 14. Nxb5 Qxb5 $11 {Whiteley-Balinas, Nice
ol 1974}) 12... Qd8 13. Rc1 Nc7 {/\ Nb5 among others.} 14. a4 Na6 {Black
immediately attacks >< b4.} 15. Qb3 Ng4 16. Bd2 Qb6 17. h3 Ne5 18. Nxe5 Bxe5
$132 {Sygulski-Nowak, Gdynia 1985}) 10... Rc8 11. h3 Na6 12. Nb3 {White chases
back the Q, but the N on b3 is passive.} Qd8 13. Be3 Be8 {/\ Nd7 playing with
all of his pieces on the <<.} 14. Bd4 (14. Qd2 Nd7 15. Nd4 Nb6 16. b3 Rc5 {
/\ Rac8} 17. a4 Rac8 18. Rac1 Nc7 19. Ndb5 {This leads only to mass exchanges,
the result is complete equality.} Nxb5 20. Nxb5 Rxc1 21. Rxc1 Bxb5 22. axb5
Rxc1+ 23. Qxc1 Qd7 24. Qa3 Qxb5 25. Qxa7 Nd7 $11 {Panno-Cuellar, Caracas 1970})
14... Nd7 15. Bxg7 Kxg7 16. Qd4+ {White can use the d4 square by all of his
pieces, but his g2 B remains passive for long.} Kg8 17. Rfc1 Qb6 18. e3 Ndc5
19. Nd2 Na4 20. Qxb6 Nxb6 {The _|_ is drawish again.} 21. Bf1 Rc7 22. Bxa6 bxa6
$132 {P.Orlov-Arsovic, Ulcinj 1997}) 8. cxd5 Na6 (8... Bf5 $143 {will only
lose a tempo soon.} 9. Nc3 (9. Nfd2 Qc8 {/\ Bh3} 10. Nc3 Bh3 11. Nf3 Bxg2 12.
Kxg2 Na6 13. Bg5 Qd7 14. Rc1 Rfc8 $11 {Turzo-A.Gara, Budapest 1999}) 9... Na6 (
9... Qc8 $5 {/\ Bh3 wants to exchange White's passive B, but it is at least
consquent.}) 10. Nd4 Bd7 {Black can easily get this position with his move!}
11. h3 Qa5 12. Nb3 Qc7 13. Be3 Rfc8 14. Rc1 Qd8 15. Bd4 Be8 16. e4 $14 {
Marovic-Rukavina, Umag 1972}) 9. Nc3 {E60} Bd7 (9... Qb6 10. Rb1 Bf5 {Black
now wins a tempo, but after Nd4 he has to give it back.} 11. Be3 Qa5 12. Rc1
Ne4 (12... Rfc8 $5) 13. Nd4 Nxc3 14. Rxc3 Bd7 15. Qd2 Nc5 16. a3 Na4 17. b4 Qd8
18. Rc2 Rc8 19. Rfc1 Rxc2 20. Qxc2 {with some pressure on the c <->, Black has
missed Rfc8.} Nb6 21. h4 $14 {Doroshkievich-Bagirov, Riga 1970}) (9... Nc5 10.
Nd4 a5 {is another plan to secure the N on c5.} 11. h3 Bd7 12. Be3 a4 {/\ Qa5
Rfc8 gaining space on the <<.} (12... Rc8 {The other R belongs to c8.} 13. Qd2
Re8 14. Rab1 Rb8 {Black has made a lot of useless moves with his rooks.} 15.
Rfc1 Qb6 16. b3 Qa6 17. a3 e5 {Black cannot sit and wait passively, but this
move creates weaknesses in the [+].} 18. dxe6 Nxe6 19. b4 $14 {
Chiburdanidze-Paasikangas, Elista ol 1998}) 13. Qd2 Qa5 14. Rfc1 Rfc8 $13 {
and Black has gained a lot of space on the <<, Djuric-Vujacic, Cetinje 1991.})
10. Be3 Qa5 (10... Nc5 11. Bd4 a5 {is the same plan mentioned before.}) 11. Bd4
Rfc8 12. Re1 {/\ e4, Bf1 activating the passive light-squared B.} (12. a3 $11 {
- 7...Bd7}) 12... Rc4 $6 {This runs into motifs like Bf1.} (12... Nc5 $11) 13.
a3 (13. e3 Rac8 14. Nd2 Rb4 15. Nb3 Qd8 16. a3 $14 {and R is really awkward!})
13... Ng4 (13... Rac8 14. e3 $14 {/\ Bf1}) 14. Bxg7 Kxg7 15. h3 Nf6 16. e4 Qb6
17. e5 dxe5 18. Nxe5 $14 {White has executed the breakthrough in the [+]
improving his advantage in the [+].} Rc7 19. Qe2 Be8 20. Rad1 Rd8 21. Kh2 {
This is not a very useful preparatory move.} (21. g4 $5 {deserved attention
grabbing the |^ also on the >>.} h6 22. h4 {/\ g5}) 21... Nc5 22. Nc4 (22. Rd4
$1 {was crisper.}) 22... Qa6 23. Qe5 Rcc8 $2 {Black believes to his opponent,
which is a mistake in many cases.} (23... Rdc8 $1 24. Bf1 Ncd7 $1 25. Qxe7 Rxc4
26. b3 Qa5 27. Bxc4 Qxc3 {and Black has won material.}) 24. Bf1 b5 25. Ne3 Qd6
26. Qg5 (26. Qxd6 {transposing to a better _|_ was also promising:} exd6 27.
Bxb5 Bxb5 28. Nxb5 Rb8 29. Nxa7 Rxb2 30. Nc6 $14) 26... Kh8 27. Ng4 a6 28. Re3
(28. Nxf6 exf6 29. Qe3 $14 {White has a strong o^, while Black cannot create
the same because of his doubled pawns.}) 28... Nxg4+ 29. hxg4 Qf6 30. Qxf6+
exf6 31. b4 Nb7 32. Ne4 $18 {The _|_ is now winning for White, but see what
happens...} Kg7 33. Rf3 h5 34. Rxf6 hxg4 35. Rxa6 {White is a healthy P up,
and Black has still doubled pawns...} Bd7 36. Bg2 $6 (36. Rb6 $18) 36... Bf5
37. Rb6 Bxe4 38. Bxe4 Nd6 {Black has achieved already something, he has an
excellent blockading N on d6.} 39. Bg2 $6 {The B is rather passive now.} (39.
Bd3 {was much better.}) 39... Rc3 40. Ra1 Rc2 41. Kg1 Rb2 {Black has seriously
activated his pieces.} 42. Rc6 (42. Bf1) 42... Rd2 43. Rc3 Re8 44. Re3 Rc8 45.
a4 $2 {Now the situation will be changed rapidly.} (45. Be4) 45... bxa4 46.
Rea3 Rcc2 {It is already Black, who plays for a win, the absolut power of the
two rooks on the 2-nd rank decides the battle.} 47. Rf1 (47. Rxa4 Rxf2 $17)
47... Ra2 $19 48. Rxa2 Rxa2 49. Rb1 a3 50. Bf1 Rb2 51. Ra1 a2 52. Kg2 Kf6 53.
b5 Ke5 0-1

[Event "Ciocaltea Memorial"]
[Site "Bucharest"]
[Date "2001.03.11"]
[Round "8"]
[White "Badea, Bela"]
[Black "Iordachescu, Viorel"]
[Result "1/2-1/2"]
[WhiteElo "2460"]
[BlackElo "2578"]
[Annotator "Hazai,L"]
[PlyCount "85"]
[EventDate "2001.03.04"]
[EventType "tourn"]
[EventRounds "11"]
[EventCountry "ROU"]
[EventCategory "12"]
[SourceTitle "CBM 082"]
[Source "ChessBase"]
[SourceDate "2001.05.17"]
[SourceVersion "1"]
[SourceVersionDate "2001.05.17"]
[SourceQuality "1"]

1. Nf3 Nf6 2. g3 g6 3. Bg2 Bg7 4. O-O O-O 5. d4 d6 6. a4 {Avoiding 6.c4 White
is preparing against the standard push e7-e5. He wants to exchange on e5, and
keep the c4 square available for the N. The B may occupy the a3-f8 /^.} (6. Re1
{- Negulescu-Istratescu, Iasi 1999 CBM 75}) 6... a5 {Black wants to fight on
the dark squares avoiding a4-a5.} 7. Re1 {/\ e4 keeping the options of
developing the N open.} (7. Nc3 {/\ e4 may transpose to Pirc type of positions.
}) (7. b3 {is the other popular option, but we don't examine them because of
space reasons.}) (7. Nbd2 {As it was mentioned before, in case of e7-e5 dxe5
dxe5 the N is very well placed on c4.} Nc6 (7... d5 {At first sight this looks
paradoxal, but the N on d2 is not very active, so Black can survive even with
two tempi down.} 8. b3 (8. Re1 c6 9. e4 dxe4 (9... e6 $143 {is very passive
giving White an enormous space advantage.} 10. c3 (10. e5 Nfd7 11. Nb3 $14 {
deserves serious attention.}) 10... Na6 11. e5 Nd7 12. Nb3 h6 13. Be3 $16 {
and Black is doomed to passivity, Badea-L.Vajda, Bucharest 1997.}) 10. Nxe4 {
In this P structure White can hardly play in the [+] by c4 because of the
weakness of >< b4.} Nbd7 (10... Nxe4 11. Rxe4 Nd7 12. Re1 Nf6 {- 10...Nbd7} (
12... e5 $5)) 11. Nxf6+ Nxf6 12. c3 Bg4 {Black wants to get rid of his B in
order to continue with e7-e6 and build up a slightly passive, but very tough
defensive setup.} 13. Qb3 Bxf3 14. Bxf3 Qd7 15. Bg2 e6 16. Bd2 Nd5 {The N is
excellent on d5, here we see the the importance of inserting a4-a5. White
cannot drive away the N from the [+] because of the weakness of >< b4.} 17.
Rad1 b5 18. Bxd5 Qxd5 19. Qxd5 cxd5 20. axb5 Rab8 21. Ra1 Rxb5 22. Bc1 Rc8 $15
{Romanishin-Kotronias, Tilburg 1994}) (8. c3 c6 {- 7.c3}) 8... c6 (8... Nc6 {
looks a bit extravagant, and Philidor wouldn't be very happy seeing it.} 9. Bb2
e6 10. e3 b6 11. Qe2 Nb4 12. c4 Bb7 13. Ne5 Qe7 14. Nd3 c5 {Black has
organized an active counterplay in the [+].} 15. Nxb4 axb4 16. dxc5 bxc5 17. e4
dxe4 18. Rab1 Rad8 19. Nxe4 Nxe4 20. Bxe4 Bxb2 21. Rxb2 Bxe4 22. Qxe4 Qf6 23.
Re2 $11 {Nikolaidis-Atalik, Ano Liosia 1995}) 9. Bb2 Bf5 {White has some extra
tempi, but he cannot change the P structure without serious weakening of his
own position. The B on f5 looks more active than his colleague on b2.} 10. Re1
Nbd7 11. Ra2 $13 {Bezgodov-Martinenko, Kemerovo 1991}) (7... Nbd7 8. e4 (8. c3
{- 7.c3}) 8... e5 9. c3 {- 7.c3} (9. dxe5 Nxe5 (9... dxe5 10. Qe2 b6 11. Nc4
Ba6 {This pin is the main idea of Black's setup.} 12. b3 Re8 13. Bb2 Qe7 14.
Rfe1 Qe6 15. Bf1 Bf8 $13 {and in this symmetrical P structure Black can hold
his own, Luecke-Movsesian, Germany chT 1994.}) 10. Nxe5 dxe5 11. Nc4 Qe7 12. b3
Rd8 13. Qe2 b6 14. Bb2 Ba6 15. Rfd1 Ne8 {/\ Nd6 bringing the N into action.}
16. Bf1 Nd6 $132 {Schmaltz-Reschke, Germany chT 1995})) 8. e4 (8. c3 e5 9. dxe5
dxe5 10. e4 {- 8.e4}) 8... Nd7 {/\ e5} (8... e5 9. dxe5 dxe5 10. Re1 (10. c3 b6
{/\ Ba6} 11. Re1 Ba6 $11 {Karner-Tal, Tallinn 1981}) 10... Qe7 11. c3 b6 {
This is the standard way of developing the B in this P structure.} 12. Qc2 Ba6
$11 {Nikolaidis-Anagnostopoulos, Athens 1996}) 9. Nc4 e5 10. dxe5 Ndxe5 $11 {
Karner-Gufeld, SU 1968}) (7. c3 {This looks more flexible than 7.Nbd2, but the
idea is very similar.} Nbd7 (7... Nc6 {is again a bit against the principles.}
8. Na3 d5 (8... e5 {is certainly answered by} 9. dxe5) 9. Bf4 Bf5 10. Nb5 Rc8
11. Qc1 {/\ Bh6 The exchange of the dark-squared bishops favours White.} Qd7
12. Rd1 {against Bh3} Nh5 13. Bh6 Be4 14. Bxg7 Kxg7 15. c4 e6 16. Ne5 Nxe5 17.
dxe5 {The N on h5 is in a big danger.} Bxg2 18. Kxg2 $16 {Garcia
Ilundain-Baron Rodriguez, Zaragoza 1998}) (7... c6 8. Na3 (8. Nbd2 {is again
met by} d5 9. Re1 Bf5 10. Nh4 Be6 11. e4 dxe4 12. Nxe4 Nxe4 13. Bxe4 Nd7 14.
Bg2 Nf6 $11 {and White must not overestimate his chances, Bezgodov-Rashkovsky,
St.Petersburg op 1994.}) 8... d5 {The N on a3 doesn't look very frightening.}
9. Bf4 Nbd7 10. Nc2 Nh5 11. Bg5 h6 12. Be3 Kh7 13. Nce1 {The N can hardly find
his right place.} e5 14. Nxe5 Nxe5 15. dxe5 Bxe5 16. Nf3 Bg7 17. Bd4 Nf6 $11 {
/\ Re8 with pressure on the e <->, Garcia Ilundain-Baches Garcia, Zaragoza
1998.}) 8. Nbd2 (8. Re1 e5 9. e4 Re8 10. Nbd2 exd4 11. cxd4 Nb8 {White has a
nice [+], but his N on d2 is badly placed He belongs to c3.} 12. h3 Nc6 {
heading towards >< b4.} 13. Ra3 Nb4 14. Nh2 c6 15. Nb1 {Both knights need to
improve their positions by this way.} Be6 16. Nc3 Bc4 17. Bf1 Bxf1 18. Kxf1 Qb6
19. Kg2 Qa6 20. Re2 Qc4 $13 {Eingorn-Kuzmin, Swidnica 1997}) (8. Na3 e5 9. dxe5
dxe5 10. Nc4 {- 8.Nbd2}) 8... e5 ({Changing radically the P structure by} 8...
d5 {is again worthy of attention.} 9. Re1 (9. b3) 9... Re8 10. e4 Nxe4 11. Nxe4
dxe4 12. Rxe4 c6 {This position is not that dangerous for Black again.} 13. Qb3
Qb6 14. Qa3 Bf8 $1 15. Qa2 Nf6 16. Ng5 e6 17. Re2 c5 {Black has to find a /^
for his light-squared B.} 18. Be3 Bd7 19. Qc4 Rac8 20. dxc5 Bxc5 21. Qh4 h5 22.
Bxc5 Rxc5 23. Rae1 e5 $13 {Bauer-Movsesian, Germany chT 1998}) 9. dxe5 {
This is White's main idea in this variation. He cannot hold the tension in the
[+] for long.} (9. e4 b6 10. Re1 Bb7 11. Qc2 Re8 12. b3 ({It was the last
chance for White to close the [+] by} 12. d5 $5) 12... d5 $1 $11 {After this
breakthrough in the [+] Black opens up the long diagonals for his fianchettoed
bishops.} 13. Nxe5 Nxe5 14. dxe5 Nxe4 15. Nxe4 dxe4 16. Bxe4 Bxe4 17. Rxe4 Bxe5
{After the mass exchanges in the [+] the tension has completely vanished.} 18.
Bf4 {1/2-1/2 Efimov-G.Mohr, Portoroz 1998}) 9... dxe5 (9... Nxe5 10. Nxe5 dxe5
11. Nc4 Qe7 12. b3 Rd8 13. Ba3 Qe8 14. Qc2 e4 15. Rad1 Bf5 16. Ne3 Bd7 17. Bc5
Bc6 18. Bd4 $14 {with some pressure on the dark squares, Needleman-Sorin,
Buenos Aires 2000.}) 10. Nc4 e4 (10... Qe7 11. b3 Re8 (11... Rd8 12. Ba3 Qe8
13. Qc2 Nd5 14. Rad1 {Now we see the bright sides of White's setup. Black has
serious problems with his development, while White's pieces are ideally posted.
} N7b6 15. Ncxe5 Bxe5 16. Nxe5 Qxe5 17. c4 {playing for the pin on the d <->.}
Bf5 18. e4 Bg4 $1 (18... Nb4 $2 {loses without any fight.} 19. Bxb4 axb4 20.
exf5 $18 {Comas Fabrego-Hebden, Escaldes 1998}) 19. cxd5 Bxd1 20. Rxd1 $44 {
White has a nice compensation for the sacrificed exchange. He has a strong [+]
and a ^^ and the long /^ is already weakened.} f6 $6 {closes the long /^, but
creates another weakness on e6.} 21. Bh3 Re8 $2 {Giving back the exchange
doesn't help for Black.} 22. Be6+ Rxe6 23. dxe6 Qxe6 24. Qxc7 $18 {Garcia
Ilundain-Del Rey, Zaragoza 1998}) 12. Ba3 Qe6 13. Qc2 h6 14. Rad1 Ra7 {If
Black can only finish his development this way, he is in a big trouble.} 15. h3
b6 16. Ncxe5 $1 {This is the tactical refutation!} Bb7 (16... Nxe5 17. Nd4 Qd7
18. Nb5 $18) 17. Nxd7 Nxd7 18. Nd4 $16 {Izeta-Markowski, Batumi 1999}) 11. Nd4
Nc5 {looks very active restricting the sphere of the g2 B.} 12. Qc2 Bd7 13. b3
Re8 14. Rd1 Qc8 15. Ba3 Ne6 16. Nb5 Ng5 $132 {and Black has suddenly chances
for an -> on the >>, Garcia Ilundain-Moreno Ruiz, Torrevieja 1997.}) 7... Nc6 (
7... Nbd7 8. e4 e5 9. Nc3 {- 7.Nc3} (9. c3 {- 7.c3})) (7... d5 {is again a
logical reaction, because this P structure is rather safe.} 8. Bf4 (8. Nbd2 c6
{- 7.Nbd2}) 8... c6 9. Qc1 Bf5 10. c3 Nbd7 $11 {Hellsten-Hoi, Skaenninge 1998})
8. d5 (8. e4 e5 $13) 8... Nb4 9. e4 (9. Nc3 c6 {Black has to attack White's [+]
immediately.} 10. e4 cxd5 11. exd5 Bf5 12. Nd4 Bg4 13. f3 Bd7 14. Ndb5 Rc8 {
White's pressure on the e <-> is countered by the pressure on the c <->.} 15.
Be3 Bxb5 16. axb5 Nd7 17. Re2 Nb6 18. Bd4 Bxd4+ 19. Qxd4 Rc4 20. Qd2 Qc7 21.
Kh1 Rc5 22. f4 Nc4 {Black has a nasty pressure on the <<.} 23. Qc1 Nxb2 24. b6
Qc8 25. Qxb2 Rxc3 26. Rxa5 Qc4 $15 {Bates-Hebden, Torquay 1998}) 9... e5 (9...
c6 {looks also logical.} 10. Nc3 {- 9.Nc3} (10. c3 Na6 11. dxc6 bxc6 12. e5 Nd5
13. Nd4 Bb7 14. exd6 (14. e6 Qb6 $13) 14... Qxd6 15. Na3 Nc5 16. Nc4 Qc7 $13))
10. dxe6 (10. c3 Na6 11. Nbd2 Nc5 $11 {and White cannot continue his standard
<< expansion.}) (10. Nc3 c6 $13) 10... Bxe6 (10... fxe6 {is worthy of
consideration as well.} 11. Nc3 (11. e5 dxe5 12. Qxd8 Rxd8 13. Na3 e4 14. Ng5
Bd7 15. Nxe4 Nxe4 16. Bxe4 Bxa4 17. Bxb7 Rab8 $11 {and Black is very active.})
11... e5 $13) 11. Nd4 (11. Nc3 {allows the equalizing} d5 $11) 11... Bg4 12. f3
Bd7 13. Be3 (13. Nc3 Re8 $13 {The N on b4 is rather annoying.}) 13... Re8 14.
Bf2 (14. Nc3 {is again met by the freeing move} d5 $132) 14... h5 {This is not
so consequent.} (14... Nc6 15. Nc3 Ne5 16. b3 $14) (14... c6 $1 {/\ Qc7 and d5
looks OK .} 15. Nc3 (15. c3 Na6 $13) 15... Qc7 16. Qd2 d5 $11) 15. Nc3 c6 16.
Qd2 Qc7 {This is the correct plan here to fight back in the [+].} 17. Re2 (17.
Rad1 {is also met by the standard} d5 $11) 17... d5 18. exd5 Rxe2 19. Ndxe2
Nfxd5 20. Nxd5 Nxd5 $11 {Now Black has solved all of his problems.} 21. Rd1 Re8
22. c3 (22. c4 Nf6 $1 $11 (22... Nb4 23. Qxd7 Qxd7 24. Rxd7 Rxe2 25. b3 {
is less clear.})) 22... h4 (22... b6) 23. Re1 (23. gxh4 Be5 24. Bg3 Bf5 $44)
23... Kh7 24. Nd4 Rxe1+ 25. Qxe1 Qd6 26. Qe4 hxg3 27. hxg3 Nf6 28. Qe2 Qd5 29.
b3 Qd6 {In this symmetrical position it is hard to create something special.}
30. Kh2 Nd5 31. Qd3 f5 32. Ne2 Qe7 33. c4 Nb4 34. Qd2 b5 35. cxb5 cxb5 36. axb5
Bxb5 37. Nd4 Be8 38. Ne2 Bf7 39. Nc1 g5 40. f4 gxf4 41. Qxf4 Qf6 42. Bh3 Be6
43. Qf3 1/2-1/2